00427nam a2200145Ia 4500008004100000041000900041082001800050100001600068245003100084260003800115300000800153650000800161999001700169952009500186230718s9999 xx 000 0 und d aEng. a663.42bMAS-L aMasad, Ross 0alaw and order in the monly aPakistanbMenzaal law book c2009 a337 aLaw c29292d29292 00104070aSIRC-LbSIRC-Ld2023-07-18l0o663.42 MAS-Lp24243r2023-07-18w2023-07-18yBK